00370nam a2200145 a 4500008004100000020001500041050001700056100002300073245001900096260004000115300002000155350000900175650001900184700002100203120416s1981 ||||||||||||||||| || u a007548093X aHB 172.5 Dor aDornbusch, Rudiger10aMacroeconomics aToronto:bMcGraw-Hill Ryersonc1981 ax, 589p. : ill. a0.00 aMICROECONOMICS aSparks, Gordon R